000 00866nam a2200253Ia 4500
003 OSt
005 20221005112505.0
006 a|||||r|||| 00| 0
007 ta
008 221004b |||||||| |||| 00| 0 pan d
020 _a9789350683910
024 _a17953
037 _bGift, 26/05/2015,
_cTextual
040 _aCRL
_cCRL
_bpan
041 _2pan
_apan
082 _aY73(P153):351, 153Q3
100 _aਸਰਨਾ, ਜਸਬੀਰ ਸਿੰਘ, ਥਦ.
245 0 _aਪੰਜਾਬੀ ਵਿਰਾਸਤ ਕੋF
260 _aਚੰਡੀਗੜ
_bਲੋਕਗੀਤ ਪ੍ਰਕਾFਨ ਭਾਰਤ
_c2013
300 _a446ਪੰ
_ccm.
650 _aਸਮਾਜ Fਾਸਤਰ
942 _hY73(P153):351, 153Q3
_cTEXL
_2cc
999 _c1025039
_d1025039